02408nam a2200337 i 4500003000900000005001700009007000300026008004100029020001800070040003000088041000800118082001800126100004600144245012800190250002200318264005500340300003900395336002700434337003300461338002800494500005700522504003000579520103300609590002701642710008001669910001401749942001401763952013501777952014101912999001702053DO-SdBNP20250715093220.0ta250715s2024 dr do 000 0 spa d a9789945801378 aDO-SdBNPbspacBNPHUerda aspa 4axxxbM6322221 aMichel, José Mieseseautor9784664aut.13aUn nuevo model o de atención a personas con enfermedad mental grave en la República Dominicana /cJosé Mieses Michel  aPrimera edición aSanto Domingo :bFUNDAPEM,bEditora Búho,c2024. a165 páginas :bgrafica ;c23 cm. atextobtxt2rdacontent asin mediaciónbn2rdamedia avolumenbnc2rdacarrier aIncluye datos biográficos del autor en las solapas aBibliografía p: 161-165 aLa propuesta para un nuevo Modelo de Atención a Personas con Enfermedad Mental Grave tiene una trascendencia que supera su lectura; es un ideario que reclama transformar la concepción y el quehacer respecto de la salud mental. Un tema que pese a su incidencia y la capacidad que tiene de desestabilizar la familia, no acaba de ser visto por las autoridades y la propia comunidad, en la capacidad de destruir el que debía ser un sano tejido familiar y social. Mieses Michel lo que plantea en su libro es un desafío que llama a transformar la perspectiva de la cuestión, un reclamo que, en forma de angustiado llamado, hacen las muchas familias afectadas. Es una luz documentada y responsable. Logra plasmar las principales directrices para reenfocar una problemática que demanda ser admitida y planteada como fenómeno que supera lo puramente clínico. Invita a considerar que en la capacidad de dar asistencia real a los casos graves de salud mental, radica la esencia de lograr una sociedad inclusiva y solidaria. aInventariado, 2025/ YL1 aFundación en apoyo a las personas con enfermedad mental (FUNDAPEM)988357 aYLockward 2ddccLBS1 00102ddc51708PDaBNPHUbBNPHUcCTd2024-10-21eDepósito Legall0oBNPHU PD xxx M632p2025-6572r2025-07-15w2025-07-15yLBS1 00102ddc51708PDaBNPHUbBNPHUcCTd2024-10-21eDepósito Legall0oBNPHU PD xxx M632p2025-6573r2025-07-15te. 2w2025-07-15yLBS1 c59537d59537